Loading...
Literature - World Literature | 0 | 3 | 0 | 0 | 30 | 101 | 113.00 | 0 | 3 |
Science - Physics | 0 | 2 | 0 | 0 | 20 | 25 | 77.50 | 1 | 2 |
Literature - American Literature | 0 | 1 | 0 | 0 | 10 | 88 | 88.00 | 1 | 1 |
Social Science | 0 | 1 | 0 | 0 | 10 | 113 | 113.00 | 0 | 1 |
History - American History | 0 | 1 | 0 | 0 | 10 | 133 | 133.00 | 0 | 1 |
Science - Other Science | 0 | 1 | 0 | 0 | 10 | 33 | 33.00 | 1 | 1 |
Fine Arts - Classical Music | 0 | 1 | 0 | 1 | 10 | 120 | 120.00 | 0 | 1 |
Philosophy | 0 | 0 | 0 | 0 | 0 | 0.00 | 0 | 0 | |
Fine Arts - Painting & Sculpture | 0 | 0 | 0 | 0 | 0 | 0.00 | 0 | 0 | |
Literature - European Literature | 0 | 1 | 2 | 0 | 0 | 117 | 117.00 | 0 | 1 |
Literature - British Literature | 0 | 0 | 0 | 0 | 0 | 0.00 | 0 | 0 | |
Other | 0 | 0 | 1 | 0 | -5 | 0.00 | 0 | 0 | |
Science - Biology | 0 | 0 | 1 | 0 | -5 | 0.00 | 0 | 0 |